000 00720nam a2200229Ia 4500
003 GCL
005 20240530102037.0
008 140319s9999 xx 000 0 ara d
040 _aGCL /
_cGCL
082 0 4 _a301.01
_bس إ
100 1 _aستروس، كلود ليفى
245 1 0 _aالاناسة البنانية /
_cكلود ليفى ستروس ؛ ترجمة حسن قبيسى
260 _a[S.N] :
_bمركز الانماء القومى ،
_c1973
300 _a390 ص
650 0 4 _aالعلم
650 0 4 _aالفلسفة
650 0 4 _aالاجتماع
650 0 4 _aالاحوال الثقافية
650 0 4 _aالقرن العشرين
700 1 _aحسن قبيسى
_eمترجم
942 _2ddc
_cBK
999 _c29376
_d29376